Statistics for Which language uses this script?

Click here to take the quiz!

General Stats

  • This quiz has been taken 749 times
    (746 since last reset)
  • The average score is 11 of 17

Answer Stats

HintAnswer% Correct
你知道这一个Simplified Chinese
97%
أنت تعرف هذا واحدArabic
95%
あなたはこれを知っていますJapanese
94%
Ξέρετε αυτό το έναGreek
93%
당신은이 일 을 알고있다Korean
92%
אתה יודע את זהHebrew
91%
आप इस एक पताHindi
80%
คุณจะรู้ว่า คนนี้Thai
78%
თქვენ იცით, ეს ერთ-ერთიGeorgian
66%
আপনি এই এক জানেনBengali
65%
آپ کو یہ ایک معلوم ہےUrdu
64%
Դուք գիտեք, թե այս մեկըArmenian
59%
អ្នកបានដឹង មួយនេះKhmer
49%
ਤੁਹਾਨੂੰ ਇਸ ਨੂੰ ਇੱਕ ਨੂੰ ਪਤਾPunjabi
41%
ඔබ මෙම එක් දැනSinhala
32%
ನಿಮ್ಮಗೆ ಇದು ಗೊತ್ತು.Kannada
31%
ᐃᓄᒃᑎᑐᑦInuktitut
22%

Score Distribution

Percentile by Number Answered

Percent of People with Each Score

Your Score History

You have not taken this quiz since the last reset